000 00844nam a2200229 i 4500
001 114544
003 ES-MaACL
007 t|
008 070308s1996 sp ||||1| spa d
020 _a84-7719-554-4
080 _a081 Falcó, Jaime Juan
100 1 _aFalcó, Jaime Juan.
_948697
245 1 0 _aObras completas.
_n, . Volumen 1,
_pObra poética /
_cJaime Juan Falcó ; edición crítica, traducción, notas y estudio introductorio, Daniel López-Cañete Quiles.
260 _aLeón :
_bUniversidad de León,
_c1996.
300 _aCLXXXI, 328 p. ;
_c25 cm.
490 1 _aHumanistas españoles ;
_v13
500 _aTexto en latín y traducción en español.
700 1 _aLópez-Cañete Quiles, Daniel.
_973492
830 0 _aHumanistas españoles ;
_v13
_9184216
852 _aES-MaACL
_jG-4434
_bR.129668
999 _c114544
_d114544